000 00270nam a22001217a 4500
008 190311b xxu||||| |||| 00| 0 eng d
041 _aeng
080 _a043.3
100 _a0
101 _aSHJ-BA
245 _aKontrata Kolektive e Punes
_cMulolli, G
942 _2udc
_cBK
999 _c54709
_d54709